000 00769 a2200241 4500
001 42231
005 20260407155711.0
008 260407a1969 arg spa d
003 AR-UNSa-BCEJYS
040 _aAR-UNSa-BCEJYS
_bspa
_cAR-UNSa-BCEJYS
080 _a16
_xLógica. Epistemología. Teoría del conocimiento
245 1 0 _aLógica e introducción a la filosofía
020 _a950-13-2740-x
250 _a9a. ed.
264 1 _aBuenos Aires :
_bKapelusz
_c1969
300 _axx, 330 p.
_c20 cm.
505 _a1. Lógica formal - 2. Teoría del conocimiento - 3. Nociones de filosofía, metafísica y ética
041 _aspa
942 _cBK
590 _aniveau_biblio:m niveau_hierar:0
100 1 _aOlivieri, Francisco José
700 1 _aFatone, Vicente
999 _c3574
_d3574